000 00361nam a2200145Ia 4500
008 191201s2010 xx 000 0 und d
082 _a658.5
_bASP
100 _aASWATHPPAS,K
245 0 _aProduction and Operation Management
250 _a2nd Rev
260 _aN. Delhi
_bHimalaya Publication House
_c2010
300 _a656
650 _aBBA
942 _2ddc
_cBK
999 _c4635
_d4635